Storia di Melisenda

I tiakina i:
Ngā taipitopito rārangi puna kōrero
Kaituhi matua: Von Xylander, Rosemarie
Hōputu: Pukapuka
Reo:Ingarihi
I whakaputaina: Roma Libreria Croce 2003
Ngā Tūtohu: Tāpirihia he Tūtohu
Kāore He Tūtohu, Me noho koe te mea tuatahi ki te tūtohu i tēnei pūkete!

MARC

LEADER 00000nam a2200000 4500
005 20240925171650.0
008 240724b |||||||| |||| 00| 0 eng d
020 |a 978-8887323757 
040 |c GP 
100 |a Von Xylander, Rosemarie 
245 |a Storia di Melisenda 
260 |a Roma  |b Libreria Croce  |c 2003 
942 |2 ddc  |c BK  |n 0 
952 |0 0  |1 0  |2 ddc  |4 0  |6 853_766000000000000_VON  |7 1  |9 1692  |a RM  |b RM  |d 2024-07-24  |l 0  |o 853.766 VON  |p 316  |r 2024-07-24 16:51:27  |w 2024-07-24  |y BK 
999 |c 1505  |d 1505